Bahamas Air Destinations - Statistics

General Stats
  • This quiz has been taken 12 times
  • The average score is 6 of 22
Answer Stats
Country Destination % Correct
United States Miami
100%
United States Orlando
100%
Cuba Havana
89%
Bahamas Nassau
89%
United States Fort Lauderdale
67%
Jamaica Montego Bay
56%
Bahamas Freeport
44%
Turks & Caicos Providenciales
33%
United States West Palm Beach
33%
Haiti Cap-Haïtien
22%
Bahamas Colonel Hill
0%
Bahamas Deadman's Cay
0%
Bahamas Governor's Harbour
0%
Bahamas Great Exuma
0%
Bahamas Inagua
0%
Bahamas Marsh Harbour
0%
Bahamas Mayaguana
0%
Bahamas New Bight
0%
Bahamas North Eleuthera
0%
Bahamas Rock Sound
0%
Bahamas San Salvador Island
0%
Bahamas Spring Point
0%
No matching quizzes found
Score Distribution
Percent of People with Each Score
Percentile by Number Answered
Your Score History
You have not taken this quiz